| 000 | 01293cam a2200349 i 4500 | ||
|---|---|---|---|
| 001 | 11352115 | ||
| 003 | USPCAS-E | ||
| 005 | 20180118181412.0 | ||
| 006 | m d | ||
| 007 | cr n | ||
| 008 | 140123s2014 flu sb 001 0 eng d | ||
| 020 | _a9781482207002 (hardcover : alk. paper) | ||
| 035 | _a(WaSeSS)ssj0001180600 | ||
| 040 |
_aDLC _beng _erda _cDLC _dDLC _dWaSeSS |
||
| 050 | 4 |
_aTK3001 _b.G58 2014 |
|
| 082 | 0 | 0 |
_a621.319 _223 _bGON-E 2014 |
| 100 | 1 | _aGönen, Turan. | |
| 210 | 1 | 0 | _aElectric Power Distribution Engineering / |
| 240 | 1 | 0 | _aElectric power distribution system engineering |
| 245 | 1 | 0 |
_aElectric Power Distribution Engineering / _cTuran Gönen. |
| 250 | _aThird edition. | ||
| 260 |
_aLondon _bCRC press _c2014 |
||
| 500 | _aRevised edition of: Electric power distribution system engineering / Turan Gonen. 2008. | ||
| 502 | _a0 | ||
| 504 | _aIncludes bibliographical references and index. | ||
| 506 | _aLicense restrictions may limit access. | ||
| 650 | 0 | _aElectric power distribution. | |
| 773 | 0 | _tSafari Technical Books (Current File) | |
| 856 | 4 | 0 |
_uhttp://www.columbia.edu/cgi-bin/cul/resolve?clio11352115 _zFull text available from Safari Technical Books (Current File) |
| 910 | _aLibrary of Congress record | ||
| 942 |
_2ddc _cBK |
||
| 999 |
_c355759 _d355759 |
||